书目信息 |
| 题名: |
中文Authorware 6.x/7.0专家培训教程
|
|
| 作者: | 崔亚量 主编 | |
| 分册: | ||
| 出版信息: | 成都 电子科技大学出版社 2003.07 |
|
| 页数: | 270页 | |
| 开本: | 26cm | |
| 丛书名: | ||
| 单 册: | ||
| 中图分类: | TP311.56 | |
| 科图分类: | ||
| 主题词: | 软件 | |
| 电子资源: | ||
| ISBN: | 7-81094-215-8 | |
| 000 | 00572nam0 2200181 45 | |
| 001 | 0456411619 | |
| 005 | 2004051315401161 | |
| 010 | @a7-81094-215-8@dRMB 19.80 | |
| 100 | @a20040513d2003 km y0chiy0120 ea | |
| 101 | 0 | @achi |
| 200 | 1 | @a中文Authorware 6.x/7.0专家培训教程@Azhong wen Authorware 6.x/7.0 zhuan jia pei xun jiao cheng@f崔亚量主编@FCui Ya Liang Zhu Bian |
| 210 | @a成都@c电子科技大学出版社@d2003.07 | |
| 215 | @a270页@d26cm | |
| 606 | 0 | @a软件 |
| 690 | @aTP311.56@v4 | |
| 701 | 0 | @a崔亚量@ACui Ya Liang@4主编 |
| 801 | 0 | @aCN@bPFT@c20040513 |
| 905 | @dTP311.56@eC979 | |
| 中文Authorware 6.x/7.0专家培训教程/崔亚量主编.-成都:电子科技大学出版社,2003.07 |
| 270页;26cm |
| ISBN 7-81094-215-8:RMB 19.80 |
| ● |
| 相关链接 |
|
|
|
正题名:中文Authorware 6.x/7.0专家培训教程
索取号:TP311.56/C979
 
预约/预借
| 序号 | 登录号 | 条形码 | 馆藏地/架位号 | 状态 | 备注 |
| 1 | 375155 | 203751555 | 自科二线504/504自科库 31排3列1层/ [索取号:TP311.56/C979] | 在馆 | |
| 2 | 375156 | 203751564 | 期刊室512/301自科库 43排3列2层/ [索取号:TP311.56/C979] | 在馆 | |
| 3 | 375157 | 203751573 | 期刊室512/301自科库 43排3列2层/ [索取号:TP311.56/C979] | 在馆 |